Improving the quality of software by continuous integration and deployment

Enregistré dans:
Détails bibliographiques
Auteur principal: Hroncová, Nikoleta (Auteur)
Autres auteurs: Dakić, Pavle (Directeur de thèse)
Format: Manuscrit Livre
Langue:slovaque
anglais
Publié: 2023
Sujets:
Accès en ligne:http://is.stuba.sk/zp/portal_zp.pl?podrobnosti=163839
Tags: Ajouter un tag
Pas de tags, Soyez le premier à ajouter un tag!

MARC

LEADER 00000ntm a22000003a 4500
001 stuzp90703
003 SK-STU
005 20230909211525.5
007 ta
008 150427s2015----xo-----f-mn---000-0-slo-d
040 |a STU  |b slo 
041 0 |a eng 
100 1 |a Hroncová, Nikoleta  |u 070200  |4 aut  |U FIIT Fakulta informatiky a informačných technológií  |T FIIT Ústav informatiky, informačných systémov a softvérového inžinierstva  |X 85861  |U I200  |Y 179  |7 85861 
242 0 1 |a Zvýšenie kvality softvéru kontinuálnou integráciou a nasadzovaním  |y slo 
245 1 0 |a Improving the quality of software by continuous integration and deployment 
260 |c 2023 
650 4 |a Gitlab  |2 slo 
650 4 |a DevOps  |2 slo 
650 4 |a EPIBA  |2 slo 
650 4 |a kontinuálna integrácia a nasadzovanie  |2 slo 
650 4 |a CI/CD skript  |2 slo 
650 4 |a Continuous Integration and Deployment  |2 eng 
650 4 |a Gitlab  |2 eng 
650 4 |a DevOps  |2 eng 
650 4 |a CI/CD script  |2 eng 
650 4 |a EPIBA  |2 eng 
700 1 |a Dakić, Pavle  |u 070200  |k Z3  |4 ths  |U FIIT Fakulta informatiky a informačných technológií  |T FIIT Ústav informatiky, informačných systémov a softvérového inžinierstva  |X 108381  |U I200  |Y 179  |7 108381 
856 4 |u http://is.stuba.sk/zp/portal_zp.pl?podrobnosti=163839